000 01584nam a2200373 a 4500
001 ebr10493712
003 CaPaEBR
006 m u
007 cr cn|||||||||
008 100115s2011 pau sb 001 0deng d
010 _z 2010001445
020 _z9781611480184
020 _z9781611480191 (e-book)
040 _aCaPaEBR
_cCaPaEBR
035 _a(OCoLC)759158809
043 _ae-sp---
050 1 4 _aDP163
_b.G836 2011eb
082 0 4 _a946/.03092
_222
100 1 _aGuardiola-Griffiths, Cristina,
_d1970-
245 1 0 _aLegitimizing the queen
_h[electronic resource] :
_bpropaganda and ideology in the reign of Isabel I of Castile /
_cCristina Guardiola-Griffiths.
260 _aLewisburg, [Pa.] :
_bBucknell University Press,
_cc2011.
300 _a189 p.
504 _aIncludes bibliographical references and index.
533 _aElectronic reproduction.
_bPalo Alto, Calif. :
_cebrary,
_d2011.
_nAvailable via World Wide Web.
_nAccess may be limited to ebrary affiliated libraries.
600 0 0 _aIsabella
_bI,
_cQueen of Spain,
_d1451-1504
_xIn literature.
650 0 _aEducation of princesses
_zSpain
_xHistory.
650 0 _aPatronage, Political
_zSpain
_xHistory
_y15th century.
651 0 _aSpain
_xHistory
_yFerdinand and Isabella, 1479-1516.
651 0 _aSpain
_xKings and rulers
_xConduct of life.
651 0 _aSpain
_xCourt and courtiers
_xHistory.
655 7 _aElectronic books.
_2local
710 2 _aebrary, Inc.
856 4 0 _uhttp://site.ebrary.com/lib/rucke/Doc?id=10493712
_zAn electronic book accessible through the World Wide Web; click to view
999 _c229089
_d229089